Barchester Towers

Bewaard in:
Bibliografische gegevens
Hoofdauteur: Trollope, Anthony
Formaat: Boek
Taal:Undetermined
Gepubliceerd in: Londres, Inglaterra Dent 1968
Onderwerpen:
Tags: Voeg label toe
Geen labels, Wees de eerste die dit record labelt!

MARC

LEADER 00000nam a2200000Ia 4500
008 170316s9999 xx 000 0 und d
040 |a cru BVZT 
090 |a 820 T-7b 
100 |a Trollope, Anthony 
245 |a Barchester Towers 
260 |a Londres, Inglaterra 
260 |b Dent 
260 |c 1968 
300 |a 462 páginas 
650 |a LITERATURA INGLESA 
999 |c 7242  |d 7242 
942 |c 15 D  |h 820 T-7b  |2 z